000 00511nam a22001817a 4500
005 20251108164659.0
008 250721s1979 xx 000 0 ara d
082 1 4 _a811.1/حسي
100 1 _aنصار، حسين
245 1 0 _aقيس و لبنى :
_bشعر و دراسة /
264 1 _aالقاهرة :
_bمكتبة مصر،
_c1979.
300 _a187 ص
650 1 7 _aالشعر العربي
650 1 7 _aالعصر الجاهلي
650 1 7 _aشعر الغزل
942 _2ddc
_cBK
999 _c11684
_d11684